000 01114cam a2200313 a 4500
999 _c2631
_d2631
001 15647776
003 OSt
005 20230803075906.0
008 090305s2007 nyu b 000 1 eng d
010 _a 2009291032
020 _a9780451530653 (pbk.)
035 _a(OCoLC)ocn166902829
040 _aHT#
_cHT#
_dBAKER
_dOCL
_dBTCTA
_dDLC
_dKH8
042 _alccopycat
082 0 0 _aFIC WEL
100 1 _aWells, H. G.
_q(Herbert George),
_d1866-1946.
245 1 4 _aThe war of the worlds /
_cH.G. Wells ; with a new introduction by Karl Kroeber and with an afterword by Isaac Asimov.
260 _aNew York :
_bSignet Classics,
_c[2007]
300 _axvi, 208 p. ;
_c18 cm.
504 _aIncludes bibliographical references.
520 _aAs life on Mars becomes impossible, Martians and their terrifying machines invade the earth.
650 0 _aImaginary wars and battles
_vFiction.
650 0 _aMars (Planet)
_vFiction.
650 0 _aSpace warfare
_vFiction.
655 7 _aScience fiction.
_2gsafd
655 7 _aWar stories.
_2gsafd
906 _a7
_bcbc
_ccopycat
_d2
_encip
_f20
_gy-gencatlg
942 _2ddc
_cTR